| 000 | 00376nam a2200145Ia 4500 | ||
|---|---|---|---|
| 008 | 230917s9999||||xx |||||||||||||| ||und|| | ||
| 040 |
_e206985 _aMAIN |
||
| 041 | _aEnglish | ||
| 082 | _a581.16 S64P(9) | ||
| 100 | _aSingh, B D | ||
| 245 | 0 | _aPlant breeding: Principles and methods | |
| 260 |
_aLudhiana _bKalyani Publishers _c2012 |
||
| 300 | _axxxiv, 923 p. | ||
| 942 | _cBK | ||
| 999 |
_c173773 _d173773 |
||